000 00738nam a2200181 a 4500
001 000043877
005 20201002045024.0
008 140508s2001 sp 000 0 spa d
020 _a8400079426
040 _aDO-SdBNP
_bspa
_cBNPHU
082 _axxxx
_bxxxx
100 1 _aAzcárraga Servert, María Josefa de
_965569
245 1 4 _aLas masoras del libro de números :
_bcódice M1 de la Universidad Complutense de Madrid /
_cMaría Josefa de Azcárraga Servent.
260 _aMadrid :
_bInstituto de Filología del CSIC,
_bDepartamento de Filología Bíblica y de Oriente Antiguo,
_c2001.
300 _a265 p. ;
_c27 cm.
490 1 _aTextos y estudios "Cardenal Cisneros"
_v66
830 0 _aTextos y estudios "Cardenal Cisneros" ;
_n66
_971759
999 _c43366
_d43366